| 000 | 00418nam a2200145 a 4500 | ||
|---|---|---|---|
| 001 | 000030330 | ||
| 005 | 20200930060234.0 | ||
| 008 | 110510s1992 enkac 000 0 spa d | ||
| 020 | _a0720608503 | ||
| 040 |
_aDO-SdBNP _bspa _cBNPHU |
||
| 100 | 1 |
_aWigglesworth, Ángela _956992 |
|
| 245 | 1 | 0 |
_aFalkland people / _cÁngela Wigglesworth. |
| 260 |
_aLondon : _bPeter Owen, _c1992. |
||
| 300 |
_a136 p. : _bils, retrs. ; _c23 cm. |
||
| 999 |
_c29822 _d29822 |
||